ARRUPE JESUIT UNIVERSITY

CORONAVIRUS -STOP THE SPREAD - CLEAN,DISINFECT,COVER

South Africa and the Transvaal war / (Record no. 90849)

MARC details
000 -LEADER
fixed length control field 00440nam a2200181Ia 4500
003 - CONTROL NUMBER IDENTIFIER
control field 0100
005 - DATE AND TIME OF LATEST TRANSACTION
control field 20180302154820.0
008 - FIXED-LENGTH DATA ELEMENTS--GENERAL INFORMATION
fixed length control field 130307s9999 xx 000 0 und d
040 ## - CATALOGING SOURCE
Transcribing agency ARRUPELIB
050 ## - LIBRARY OF CONGRESS CALL NUMBER
Classification number DT930.C92 1902
100 ## - MAIN ENTRY--PERSONAL NAME
Personal name Creswicke, Louis
9 (RLIN) 6788
245 ## - TITLE STATEMENT
Title South Africa and the Transvaal war /
260 ## - PUBLICATION, DISTRIBUTION, ETC. (IMPRINT)
Place of publication, distribution, etc Cape town
Name of publisher, distributor, etc D. E. M'Connell and Co.
Date of publication, distribution, etc 1902
300 ## - PHYSICAL DESCRIPTION
Extent 206p
650 ## - SUBJECT ADDED ENTRY--TOPICAL TERM
Topical term or geographic name as entry element South Africa Republic
General subdivision History
9 (RLIN) 40213
650 ## - SUBJECT ADDED ENTRY--TOPICAL TERM
Topical term or geographic name as entry element South African war, 1899-1902
9 (RLIN) 40214
942 ## - ADDED ENTRY ELEMENTS (KOHA)
Source of classification or shelving scheme Library of Congress Classification
Koha item type Monograph ( Printed materials)
Holdings
Withdrawn status Lost status Source of classification or shelving scheme Damaged status Not for loan Home library Current library Date acquired Total Checkouts Full call number Barcode Date last seen Price effective from Koha item type Collection code Shelving location
    Library of Congress Classification     ARRUPE LIBRARY ARRUPE LIBRARY 21/01/2014   SPC DT930.C92 1902 464122812 21/01/2014 21/01/2014 Monograph ( Printed materials)    
    Library of Congress Classification     ARRUPE LIBRARY ARRUPE LIBRARY 21/01/2014   SPC DT930.C92 1902 464122813 21/01/2014 21/01/2014 Monograph ( Printed materials)    
    Library of Congress Classification     ARRUPE LIBRARY ARRUPE LIBRARY 21/01/2014   SPC DT930.C92 1902 464122814 21/01/2014 21/01/2014 Monograph ( Printed materials)    
    Library of Congress Classification     ARRUPE LIBRARY ARRUPE LIBRARY 21/01/2014   SPC DT930.C92 1902 464122815 21/01/2014 21/01/2014 Monograph ( Printed materials)    
    Library of Congress Classification     ARRUPE LIBRARY ARRUPE LIBRARY 21/01/2014   SPC DT930.C92 1902 464122816 21/01/2014 21/01/2014 Monograph ( Printed materials)    
    Library of Congress Classification     ARRUPE LIBRARY ARRUPE LIBRARY 21/01/2014   SPC DT930.C92 1902 464122817 21/01/2014 21/01/2014 Monograph ( Printed materials)    
    Library of Congress Classification     ARRUPE LIBRARY ARRUPE LIBRARY 21/01/2014   SPC DT930.C92 1902 464122818 21/01/2014 21/01/2014 Monograph ( Printed materials)    
    Library of Congress Classification     ARRUPE LIBRARY ARRUPE LIBRARY 21/01/2016   SPCDT930.C92 1902 46500005997 21/01/2016 21/01/2016 SPC Main Collection Main Collection
    Library of Congress Classification     ARRUPE LIBRARY ARRUPE LIBRARY 21/01/2016   SPCDT930.C92 1902 46500005998 21/01/2016 21/01/2016 SPC Main Collection Main Collection
    Library of Congress Classification     ARRUPE LIBRARY ARRUPE LIBRARY 21/01/2016   SPCDT930.C92 1902 46500005999 21/01/2016 21/01/2016 SPC Main Collection Main Collection

 

Arrupe Library. PO Box MP320 Mt Pleasant, Harare, Zimbabwe
263 242 745411|librarian@aju.ac.zw